书目信息 |
| 题名: |
京剧音乐分析
|
|
| 作者: | 张筠青 著 | |
| 分册: | ||
| 出版信息: | 北京 中央音乐学院出版社 2011 |
|
| 页数: | 356页 | |
| 开本: | 26cm | |
| 丛书名: | ||
| 单 册: | ||
| 中图分类: | J617.1 | |
| 科图分类: | ||
| 主题词: | 京剧--戏曲音乐--研究 , 京剧 , 戏曲音乐 | |
| 电子资源: | ||
| ISBN: | 978-7-81096-392-3 | |
| 000 | 01081nam0 2200277 450 | |
| 001 | 006495481 | |
| 005 | 20140609111535.03 | |
| 010 | @a978-7-81096-392-3@dCNY80.00(含光盘) | |
| 100 | @a20130305d2011 em y0chiy0110 ea | |
| 101 | 0 | @achi |
| 102 | @aCN@b110000 | |
| 105 | @ag z 000yy | |
| 106 | @ar | |
| 200 | 1 | @a京剧音乐分析@9jing ju yin yue fen xi@f张筠青著 |
| 210 | @a北京@c中央音乐学院出版社@d2011 | |
| 215 | @a356页@d26cm@e1光盘 | |
| 300 | @a国家社会科学基金艺术项目的中期成果 中国音乐学院科研项目 | |
| 307 | @a附光盘:ISRC CN-A64-11-332-00 | |
| 330 | @a本书分析范围全部为京剧传统剧目,分析重点是京剧中的音乐,力图从分析与创作的角度,归纳出如结构中的奥秘、旋法上的特殊性(支声线体);调式交替与转调的处理方式;对节奏、节拍、速度、力度创作性的应用;既严格——程式性的,又自由——多方面的根据表现需要的弹性、尽情发挥的处理等规律性的问题。 | |
| 606 | 0 | @a京剧@x戏曲音乐@x研究 |
| 606 | 0 | @a京剧 |
| 606 | 0 | @a戏曲音乐 |
| 690 | @aJ617.1@v5 | |
| 701 | 0 | @a张筠青@9zhang yun qing@c(女,@f1932~)@4著 |
| 801 | 0 | @aCN@bNLC@c20130322 |
| 905 | @b547925-27@dJ617.1@e615@f3 | |
| 京剧音乐分析/张筠青著.-北京:中央音乐学院出版社,2011 |
| 356页;26cm+1光盘 |
| 国家社会科学基金艺术项目的中期成果 中国音乐学院科研项目 |
| ISBN 978-7-81096-392-3:CNY80.00(含光盘) |
| 本书分析范围全部为京剧传统剧目,分析重点是京剧中的音乐,力图从分析与创作的角度,归纳出如结构中的奥秘、旋法上的特殊性(支声线体);调式交替与转调的处理方式;对节奏、节拍、速度、力度创作性的应用;既严格——程式性的,又自由——多方面的根据表现需要的弹性、尽情发挥的处理等规律性的问题。 |
| ● |
| 相关链接 |
|
|
|
|
正题名:京剧音乐分析
索取号:J617.1/615
 
预约/预借
| 序号 | 登录号 | 条形码 | 馆藏地/架位号 | 状态 | 备注 |
| 1 | 547925 | 205479258 | 第一样本阅览室/ [索取号:J617.1/615] | 在馆 | |
| 2 | 547926 | 205479267 | 第一借阅区/ [索取号:J617.1/615] | 在馆 | |
| 3 | 547927 | 205479276 | 密集书库-音乐系/ [索取号:J617.1/615] | 在馆 |